000 00722nam a2200217 a 4500
005 20140227153101.0
008 140227b1983 ck ||||| |||| 00| 0 spa d
041 _aspa
044 _ack
090 _aLB
_b01418
100 _aMedem M., Federico
_912267
245 _aCrocodylia de Sur America volumen II
_bVenezuela - Trinidad - Tobago - Guyana - Suriname - Guayana Francesa - Ecuador - Perú - Bolivia - Brasil - Paraguay - Argentina - Uruguay
260 _aBogotá
_bICN
_bCOLCIENCIAS
_c1983
300 _a270 p.
650 _aNomenclatura
_97564
650 _aDescripciones taxonómicas
_93930
650 _aComportamiento
_93627
650 _aEcología
_912268
650 _aTaxonomía
_912269
942 _cImpreso
_2z
999 _c1426
_d1426